|
|
|
|
| LEADER |
01045nam a2200205 i 4500 |
| 005 |
20210320121800.0 |
| 008 |
180522t1989 fr a|||g |||| 000 0 eng d |
| 020 |
|
|
|a 9264131272
|
| 040 |
|
|
|a GR-PaULI
|b gre
|c GR-PaULI
|e AACR2
|
| 082 |
0 |
4 |
|2 23
|a 363.731
|
| 245 |
0 |
0 |
|a Agricultural and environmental policies :
|b opportunities for integration.
|
| 260 |
|
|
|a Paris :
|b OECD,
|c 1989.
|
| 300 |
|
|
|a 200 σ. :
|b εικ. ;
|c 23 εκ.
|
| 650 |
|
4 |
|a Γεωργία
|x Περιβαλλοντικές απόψεις
|9 13874
|
| 650 |
|
4 |
|9 168975
|a Περιβαλλοντική πολιτική
|x Διεθνής συνεργασία.
|
| 942 |
|
|
|2 ddc
|c BK15
|
| 952 |
|
|
|0 0
|1 0
|2 ddc
|4 0
|6 363_731000000000000_AGR
|7 0
|9 222280
|a LISP
|b LISP
|c BSC
|d 2018-05-22
|i 136942
|l 0
|o 363.731 AGR
|p 025000047831
|r 2018-05-22 00:00:00
|t 1
|v 2018.00
|w 2018-05-22
|y BK15
|
| 952 |
|
|
|0 0
|1 0
|2 ddc
|4 0
|6 363_731000000000000_AGR
|7 0
|9 225786
|a LISP
|b LISP
|c BSC
|d 2018-09-20
|i 123232
|l 0
|o 363.731 AGR
|p 025000258757
|r 2018-09-20 00:00:00
|t 2
|v 2018.00
|w 2018-09-20
|y BK15
|
| 998 |
|
|
|c ΒΑΣΙΛΕΙΟΥ
|d 2018-05
|
| 999 |
|
|
|c 134323
|d 134323
|